000 00489nam a22001697a 4500
003 OSt
005 20120302145334.0
008 090429t xxu||||| |||| 00| 0 eng d
035 _a३६६१
040 _cमराठी
100 _aआफळे, सुनीति
_94370
245 _aडबक्यातले आकाश
250 _a१ ली
260 _aनागपूर
_bवसुधा
_c१९८१
300 _b८२ पाने
942 _2ddc
_cBOOK
999 _c489514
_d489511